| 000 | 00494nam a22001937a 4500 | ||
|---|---|---|---|
| 003 | OSt | ||
| 005 | 20180116183029.0 | ||
| 008 | 151217b xxu||||| |||| 00| 0 eng d | ||
| 020 | _a02-624-2007-1 | ||
| 024 | _202-624-2007-1 | ||
| 040 | _cLahore LUMS | ||
| 082 | _a174.4 LUM 2006 | ||
| 100 | _aAshraf J | ||
| 245 |
_aTHE CITIZEN FOUNDATION _cAshraf J |
||
| 260 |
_aLahore LUMS _b 174.4 LUM 2007 _c2007 |
||
| 300 |
_a15 p. _bPapers |
||
| 440 | _aTHE CITIZEN FOUNDATION | ||
| 942 |
_2ddc _cCS |
||
| 999 |
_c350942 _d350942 |
||